Konvertibilní a opční dluhopisy

Konvertibilné a opčné dlhopisy patria na trhoch dlhopisov medzi zvláštny typ inovácií. Konvertibilné dlhopisy a ich charakteristika. Ohodnocovanie konvertibilných dlhopisov (na príklade dlhopisu Chicago CB). Opčné dlhopisy a ich charakteristika. Ohodnocovanie opčných dlhopisov (na príklade opčného d...

Descrizione completa

Salvato in:
Dettagli Bibliografici
Autore principale: Musílek, Petr
Natura: Capitolo di libro
Lingua:ceco
Soggetti:
Tags: Aggiungi Tag
Nessun Tag, puoi essere il primo ad aggiungerne!!

MARC

LEADER 00000naa a2200000 4500
001 r021470
005 20230922091958.9
041 0 |a cze 
044 |a CZ 
245 1 0 |a Konvertibilní a opční dluhopisy  |c Petr Musílek 
520 |a Konvertibilné a opčné dlhopisy patria na trhoch dlhopisov medzi zvláštny typ inovácií. Konvertibilné dlhopisy a ich charakteristika. Ohodnocovanie konvertibilných dlhopisov (na príklade dlhopisu Chicago CB). Opčné dlhopisy a ich charakteristika. Ohodnocovanie opčných dlhopisov (na príklade opčného dlhopisu Motor Evanston). 
610 2 0 |a dlhopisy 
610 2 0 |a pojmy 
610 2 0 |a papiere cenné 
610 2 0 |a úpisy dlžobné 
610 2 0 |a hodnota 
100 1 |a Musílek, Petr